[Event "Leca da Palmeira 2nd"]
[Site "Leca da Palmeira"]
[Date "2023.08.02"]
[Round "4"]
[White "Tardi, Oscar"]
[Black "Panda, Sambit"]
[Result "0-1"]
[WhiteElo "1771"]
[BlackElo "2417"]
[PlyCount "50"]
[EventDate "2023.07.31"]
[EventType "swiss"]
[EventRounds "9"]
[EventCountry "POR"]
[SourceTitle "CBM 215 Extra"]
[Source "ChessBase"]
[SourceDate "2023.09.30"]
[SourceVersion "1"]
[SourceVersionDate "2023.09.30"]
[SourceQuality "1"]

1. e4 Nc6 2. d4 d6 3. Nf3 Nf6 4. Nbd2 g6 5. c3 Bg7 6. Bd3 0-0 7. 0-0 e5 8. Re1 Re8 9. a4 a5 10. Bc4 exd4 11. Qb3 d5 12. exd5 Rxe1+ 13. Nxe1 Ne5 14. cxd4 Nxc4 15. Qxc4 Nxd5 16. Nef3 Nb4 17. Nf1 Be6 18. Qc3 c5 19. Qxc5 Rc8 20. Qg5 Bf6 21. Qh6 Nc2 22. Rb1 Ba2 23. Ng3 Bg7 24. Qf4 Bxb1 25. Ng5 Qc7 0-1

[Event "Avoine op 34th"]
[Site "Avoine"]
[Date "2019.07.20"]
[Round "3"]
[White "Tardi, Oscar"]
[Black "Dalaud, Dorian"]
[Result "0-1"]
[WhiteElo "1947"]
[BlackElo "2220"]
[PlyCount "62"]
[EventDate "2019.07.20"]
[EventType "swiss"]
[EventRounds "9"]
[EventCountry "FRA"]
[SourceTitle "EXT 2020"]
[Source "ChessBase"]
[SourceDate "2019.10.17"]
[SourceVersion "1"]
[SourceVersionDate "2019.10.17"]
[SourceQuality "1"]

1. Nf3 Nf6 2. g3 g6 3. Bg2 Bg7 4. 0-0 0-0 5. c4 d6 6. Nc3 Nc6 7. b3 e5 8. Bb2 Nd7 9. Nd5 e4 10. Bxg7 exf3 11. Bxf8 fxg2 12. Kxg2 Kxf8 13. d4 Ne7 14. Nc3 Kg8 15. e4 c6 16. Qd2 Qa5 17. Rfe1 Qh5 18. Qf4 Nf8 19. h4 g5 20. Qxd6 Neg6 21. Re3 gxh4 22. Qf6 Be6 23. d5 Nd7 24. Qd4 c5 25. Qd2 Bg4 26. f3 Bh3+ 27. Kxh3 hxg3+ 28. Kxg3 Qh4+ 29. Kg2 Nf4+ 30. Kf1 Qh1+ 31. Kf2 Qg2+ 0-1

[Event "EU-Cup 34th"]
[Site "Porto Carras"]
[Date "2018.10.12"]
[Round "1.5"]
[White "Pantzar, Milton"]
[Black "Tardi, Oscar"]
[Result "1-0"]
[WhiteElo "2326"]
[BlackElo "1931"]
[PlyCount "59"]
[EventDate "2018.10.12"]
[EventType "team-swiss"]
[EventRounds "7"]
[EventCountry "GRE"]
[SourceTitle "CBM 187"]
[Source "ChessBase"]
[SourceDate "2018.12.11"]
[SourceVersion "1"]
[SourceVersionDate "2018.12.11"]
[SourceQuality "1"]
[WhiteTeam "Team Viking"]
[BlackTeam "Bois Colombes"]
[WhiteTeamCountry "SWE"]
[BlackTeamCountry "FRA"]

1. e4 d6 2. d4 Nf6 3. Nc3 c6 4. f4 b5 5. Bd3 g6 6. Nf3 Bg7 7. 0-0 0-0 8. e5 Ne8 9. Be3 Nc7 10. a3 a6 11. Qe1 Nd7 12. Rd1 Nb6 13. Ne4 Ncd5 14. Bc1 f6 15. Qh4 Nc4 16. Rde1 h6 17. b3 Ncb6 18. c4 Nc7 19. Qg3 g5 20. fxg5 fxg5 21. exd6 exd6 22. Nexg5 hxg5 23. Bxg5 Qd7 24. Qh4 Rf7 25. Qh7+ Kf8 26. Bh6 Ne6 27. Bxg7+ Rxg7 28. Ng5+ Ke8 29. Qh8+ Ke7 30. Qf8# 1-0

[Event "Avoine op 33rd"]
[Site "Avoine"]
[Date "2018.07.24"]
[Round "4"]
[White "Tardi, Oscar"]
[Black "Deschin, Pierre Antoine"]
[Result "1/2-1/2"]
[WhiteElo "1868"]
[BlackElo "2131"]
[PlyCount "98"]
[EventDate "2018.07.21"]
[EventType "swiss"]
[EventRounds "9"]
[EventCountry "FRA"]
[SourceTitle "CBM 185 Extra"]
[Source "ChessBase"]
[SourceDate "2018.07.29"]
[SourceVersion "1"]
[SourceVersionDate "2018.07.29"]
[SourceQuality "1"]

1. b3 e5 2. Bb2 Nc6 3. e3 Nf6 4. c4 d5 5. cxd5 Nxd5 6. Bb5 Bd6 7. Nf3 f6 8. Nc3 Nxc3 9. dxc3 Be6 10. Nd2 0-0 11. 0-0 Be7 12. e4 Na5 13. b4 a6 14. Be2 Nc6 15. a4 Qd7 16. Nc4 Rfd8 17. a5 Qe8 18. Qc2 Qf7 19. Ne3 Rd7 20. Rad1 Rxd1 21. Rxd1 Bb3 22. Qc1 Be6 23. Nd5 Bd6 24. Ne3 Rd8 25. Nf5 Bc4 26. Qe3 Bxe2 27. Qxe2 Qb3 28. Rd2 Ne7 29. Ne3 Ng6 30. g3 Qe6 31. Qc4 Qxc4 32. Nxc4 Kf7 33. Ne3 Be7 34. Rxd8 Bxd8 35. Bc1 Ne7 36. Kf1 c5 37. Ke2 Nc6 38. Bd2 Be7 39. Nd5 cxb4 40. cxb4 Bd6 41. Bc3 Ne7 42. Ne3 Ke6 43. Kd3 Kd7 44. Kc4 Kc6 45. h4 h5 46. Bd2 Bb8 47. Nd5 Nc8 48. Be3 Nd6+ 49. Kd3 Nc8 1/2-1/2

[Event "EU-ch Amateur U2000"]
[Site "Niksic"]
[Date "2018.06.17"]
[Round "5"]
[White "Nagy, Laszlo3333"]
[Black "Tardi, Oscar"]
[Result "1/2-1/2"]
[WhiteElo "1974"]
[BlackElo "1868"]
[PlyCount "74"]
[EventDate "2018.06.14"]
[EventType "swiss"]
[EventRounds "9"]
[EventCountry "MNE"]
[SourceTitle "EXT 2019"]
[Source "ChessBase"]
[SourceDate "2018.10.10"]
[SourceVersion "1"]
[SourceVersionDate "2018.10.10"]
[SourceQuality "1"]

1. d4 f5 2. g3 Nf6 3. Bg2 e6 4. Nh3 Be7 5. 0-0 0-0 6. c4 d5 7. Qb3 c6 8. Bf4 h6 9. Nd2 g5 10. Bxb8 Rxb8 11. e3 Ne4 12. Rfd1 Nxd2 13. Rxd2 Bd7 14. f4 g4 15. Nf2 h5 16. Nd3 h4 17. Ne5 Be8 18. Qc3 h3 19. Bf1 Qb6 20. c5 Qc7 21. b4 Bf6 22. a4 Bxe5 23. fxe5 a6 24. Rb2 Ra8 25. Rab1 Bg6 26. Bd3 Rfb8 27. Rb3 Be8 28. Qb2 Ra7 29. b5 axb5 30. axb5 cxb5 31. Bxb5 Qa5 32. Kf2 Rba8 33. Bxe8 Rxe8 34. Rb5 Qa4 35. Rb4 Qa5 36. Rb5 Qa4 37. Rb4 Qa5 1/2-1/2

[Event "EU Amateur-ch"]
[Site "Ruzomberok"]
[Date "2016.06.08"]
[Round "4"]
[White "Sagan, Miroslav"]
[Black "Tardi, Oscar"]
[Result "0-1"]
[WhiteElo "1787"]
[BlackElo "1888"]
[PlyCount "120"]
[EventDate "2016.06.06"]
[EventType "swiss"]
[EventRounds "9"]
[EventCountry "SVK"]
[SourceTitle "CBM 172 Extra"]
[Source "ChessBase"]
[SourceDate "2016.06.21"]
[SourceVersion "1"]
[SourceVersionDate "2016.06.21"]
[SourceQuality "1"]

1. d4 c6 2. c4 d5 3. Nc3 e6 4. cxd5 exd5 5. Bf4 Nf6 6. Nf3 Bf5 7. e3 Be7 8. Bd3 Bxd3 9. Qxd3 Nbd7 10. 0-0 0-0 11. Rac1 Re8 12. a3 a5 13. h3 Bf8 14. Nd2 Nb6 15. Rfe1 Qd7 16. Qc2 h6 17. Qb3 Ra6 18. Be5 Nh7 19. Ne2 Ng5 20. Qd3 Ne4 21. Nc3 Nxd2 22. Qxd2 Nc4 23. Qc2 Nxe5 24. dxe5 Rxe5 25. Red1 Qe6 26. Ne2 Ra8 27. Nd4 Qd7 28. Qc3 a4 29. Nxc6 Rg5 30. f4 Rf5 31. Ne5 Qb5 32. Qd3 Qxd3 33. Rxd3 b6 34. g4 Rf6 35. Rxd5 Bc5 36. Kg2 Bxe3 37. Rc4 Rxf4 38. Rxf4 Bxf4 39. Nc4 Rb8 40. Rb5 Bc7 41. b3 axb3 42. Rxb3 b5 43. Nb2 Ra8 44. Nd3 Bd6 45. Nb4 Rc8 46. Kf3 Kf8 47. Ke3 Bxb4 48. axb4 Rc4 49. Kd2 g6 50. Rc3 Rxb4 51. Kc2 Rc4 52. Rxc4 bxc4 53. Kc3 Kg7 54. Kxc4 Kf6 55. Kd4 Kg5 56. Ke5 f5 57. gxf5 gxf5 58. h4+ Kg4 59. h5 Kg5 60. Ke6 f4 0-1

[Event "Francophone-ch 3rd"]
[Site "Montreal"]
[Date "2015.07.25"]
[Round "9"]
[White "Tremblay, Alain"]
[Black "Tardi, Oscar"]
[Result "1-0"]
[WhiteElo "2028"]
[BlackElo "1832"]
[PlyCount "81"]
[EventDate "2015.07.17"]
[EventType "swiss"]
[EventRounds "9"]
[EventCountry "CAN"]
[SourceTitle "EXT 2016"]
[Source "ChessBase"]
[SourceDate "2015.10.08"]
[SourceVersion "1"]
[SourceVersionDate "2015.10.08"]
[SourceQuality "1"]

1. Nf3 c5 2. c4 Nc6 3. Nc3 Nf6 4. g3 g6 5. Bg2 Bg7 6. d4 cxd4 7. Nxd4 0-0 8. 0-0 Qb6 9. Nb3 d6 10. Nb5 Be6 11. Be3 Qd8 12. Na3 Ng4 13. Bc1 Nge5 14. Nd2 Na5 15. Rb1 Nexc4 16. Ndxc4 Nxc4 17. Nxc4 Bxc4 18. Bxb7 Rb8 19. Bd5 Ba6 20. b4 e6 21. Bf3 Qd7 22. Bf4 Rfd8 23. Qd2 Qa4 24. Bg5 Rd7 25. Rfc1 d5 26. Be3 Bc4 27. a3 Rc8 28. Bc5 Rcd8 29. Qe3 Ba2 30. Ra1 Bb3 31. Rab1 Bc2 32. Ra1 d4 33. Qd2 d3 34. exd3 Bxa1 35. Rxa1 Rxd3 36. Qf4 Bd1 37. Be4 Rxa3 38. Rc1 Ra1 39. Qf6 Rxc1 40. Qxd8+ Kg7 41. Bf8+ 1-0

[Event "World Amateur-ch"]
[Site "Iasi"]
[Date "2013.04.28"]
[Round "7"]
[White "Tardi, Oscar"]
[Black "Martinez Paipa, Hernan"]
[Result "1/2-1/2"]
[WhiteElo "1760"]
[BlackElo "1944"]
[PlyCount "71"]
[EventDate "2013.04.22"]
[EventType "swiss"]
[EventRounds "9"]
[EventCountry "ROU"]
[SourceTitle "CBM 154 Extra"]
[Source "ChessBase"]
[SourceDate "2013.06.25"]
[SourceVersion "2"]
[SourceVersionDate "2013.06.25"]
[SourceQuality "1"]

1. e4 c5 2. Nf3 d6 3. c3 Nf6 4. e5 dxe5 5. Nxe5 e6 6. d4 cxd4 7. Bb5+ Bd7 8. Nxd7 Nbxd7 9. Qxd4 Qc7 10. Bg5 Be7 11. Bf4 Qd8 12. Nd2 0-0 13. Ne4 Nxe4 14. Qxe4 Nc5 15. Qf3 Qb6 16. Bc4 Rac8 17. 0-0 Rfd8 18. b3 Bf6 19. Rac1 a5 20. Be3 Qc7 21. Rfd1 b6 22. b4 Na4 23. Ba6 Rxd1+ 24. Rxd1 Rd8 25. bxa5 bxa5 26. c4 Nc3 27. Rxd8+ Qxd8 28. a3 h6 29. g3 Qd6 30. Qa8+ Kh7 31. c5 Qd1+ 32. Kg2 Nd5 33. Bf4 e5 34. Bc4 Nxf4+ 35. gxf4 Qg4+ 36. Kh1 1/2-1/2

[Event "Cap d'Agde CCAS op"]
[Site "Cap d'Agde"]
[Date "2010.10.31"]
[Round "7"]
[White "Tardi, Oscar"]
[Black "Flick, Antoine"]
[Result "1/2-1/2"]
[WhiteElo "1710"]
[BlackElo "1605"]
[PlyCount "112"]
[EventDate "2010.10.23"]
[EventType "swiss"]
[EventRounds "7"]
[EventCountry "FRA"]
[SourceTitle "EXT 2012"]
[Source "ChessBase"]
[SourceDate "2011.11.24"]
[SourceVersion "1"]
[SourceVersionDate "2011.11.24"]
[SourceQuality "1"]

1. g3 d5 2. Bg2 e5 3. c4 c6 4. cxd5 cxd5 5. d3 Bc5 6. Nf3 f6 7. 0-0 Nc6 8. a3 a6 9. Nc3 Nge7 10. Bd2 Be6 11. Qc2 Ba7 12. Rfc1 Rc8 13. Qd1 0-0 14. Na4 Bf7 15. b4 Nf5 16. Bh3 Qd7 17. Nc5 Bxc5 18. Rxc5 Be6 19. e4 dxe4 20. dxe4 Nfd4 21. Bxe6+ Qxe6 22. Nxd4 Nxd4 23. Rac1 Rxc5 24. Rxc5 Rd8 25. Be3 Qe7 26. Kg2 g6 27. h4 h5 28. f3 b6 29. Rd5 Rxd5 30. exd5 Qd6 31. Qd3 Nf5 32. Bf2 b5 33. Bc5 Qd7 34. d6 Kg7 35. Qd5 Nh6 36. Qa8 f5 37. Qxa6 f4 38. Qb6 Kf6 39. gxf4 exf4 40. Qb8 Nf5 41. Qf8+ Ke6 42. Qg8+ Ke5 43. Qh8+ Kd5 44. Qa8+ Ke6 45. Qe4+ Kf6 46. Qxf4 Ke6 47. Qg5 Qf7 48. Qd8 Qd7 49. Qg8+ Ke5 50. Qh8+ Kd5 51. Qa8+ Ke6 52. Qe4+ Kf6 53. Kf2 Kf7 54. Qf4 Kf6 55. Bd4+ Kf7 56. Bc5 Kf6 1/2-1/2